Atatürk'le beraber : (Record no. 200425843)

MARC details
000 -LEADER
fixed length control field 01108 am a2200337 a 4500
003 - CONTROL NUMBER IDENTIFIER
control field TR-AnTOB
005 - DATE AND TIME OF LATEST TRANSACTION
control field 20190322123534.0
008 - FIXED-LENGTH DATA ELEMENTS--GENERAL INFORMATION
fixed length control field 140611s1984 tu 00000 tur K
040 ## - CATALOGING SOURCE
Original cataloging agency TR-AnTOB
Language of cataloging eng
Transcribing agency TR-AnTOB
Description conventions rda
041 ## - LANGUAGE CODE
Language code of text/sound track or separate title Türkçe
050 00 - LIBRARY OF CONGRESS CALL NUMBER
Classification number DR590
Item number .Y396 1984
090 ## - LOCALLY ASSIGNED LC-TYPE CALL NUMBER (OCLC); LOCAL CALL NUMBER (RLIN)
Classification number (OCLC) (R) ; Classification number, CALL (RLIN) (NR) DR590
Local cutter number (OCLC) ; Book number/undivided call number, CALL (RLIN) .Y396 1984
100 1# - MAIN ENTRY--PERSONAL NAME
Personal name Yazman, Aslan Tufan
245 10 - TITLE STATEMENT
Title Atatürk'le beraber :
Remainder of title devrimler, olaylar, anılar (1922-1938) /
Statement of responsibility, etc. Aslan Tufan Yazman.
250 ## - EDITION STATEMENT
Edition statement 2. baskı
264 ## - PRODUCTION, PUBLICATION, DISTRIBUTION, MANUFACTURE, AND COPYRIGHT NOTICE
Place of production, publication, distribution, manufacture İstanbul :
Name of producer, publisher, distributor, manufacturer Türkiye İş Bankası Kültür yayınları,
Date of production, publication, distribution, manufacture, or copyright notice 1984.
300 ## - PHYSICAL DESCRIPTION
Extent 424 pages ;
Dimensions 20 cm.
336 ## - CONTENT TYPE
Source rdacontent
Content type term text
337 ## - MEDIA TYPE
Source rdamedia
Media type term unmediated
338 ## - CARRIER TYPE
Source rdacarrier
Carrier type term volume
500 ## - GENERAL NOTE
General note Atatürkle birlikte yaşamış olan bir kuşağın öyküsü.
General note Dizin: s. 412-418.
504 ## - BIBLIOGRAPHY, ETC. NOTE
Bibliography, etc. note
590 ## - LOCAL NOTE (RLIN)
Local note Donated by Nermin Çaker.
600 14 - SUBJECT ADDED ENTRY--PERSONAL NAME
Personal name Atatürk, Mustafa Kemal,
Dates associated with a name 1881-1938.
651 #0 - SUBJECT ADDED ENTRY--GEOGRAPHIC NAME
Geographic name Turkey
General subdivision History
Chronological subdivision 1918-1960.
Geographic name Türkiye
General subdivision Tarih
Chronological subdivision 1918-1960.
907 ## - LOCAL DATA ELEMENT G, LDG (RLIN)
a ATASEV
942 ## - ADDED ENTRY ELEMENTS (KOHA)
Source of classification or shelving scheme Library of Congress Classification
Koha item type Book
Holdings
Withdrawn status Lost status Source of classification or shelving scheme Not for loan Collection code Home library Current library Shelving location Date acquired Source of acquisition Inventory number Total Checkouts Full call number Barcode Date last seen Copy number Date shelved Koha item type
    Library of Congress Classification Ödünç Verilebilir / Available Genel Koleksiyon Merkez Kütüphane Merkez Kütüphane Genel Koleksiyon / Main Collection 27/08/2015 Bağış / Donation TAR   DR590 .Y396 1984 0052851 11/02/2017 1 11/02/2017 Book
Devinim Yazılım Eğitim Danışmanlık tarafından Koha'nın orjinal sürümü uyarlanarak geliştirilip kurulmuştur.